| 000 | 00570nam a2200169 4500 | ||
|---|---|---|---|
| 001 | 127544 | ||
| 003 | ES-MaACL | ||
| 005 | 20230906193031.0 | ||
| 007 | t| | ||
| 008 | 070214s1945 sp r ||||1| spa d | ||
| 100 | 1 |
_aRist, Charles. _997471 |
|
| 245 | 1 | 0 |
_aHistoria de las doctrinas relativas al crédito y a la moneda desde John Law hasta la actualidad / _cCharles Rist ; traducción de Ernesto Schop Santos. |
| 260 |
_aBarcelona : _bBosch, _c1945. |
||
| 300 |
_a498 p. ; _c23 cm. |
||
| 700 | 1 |
_aSchop Santos, Ernesto. _9104655 |
|
| 852 |
_aES-MaACL _jC-4998 _bR.25424 |
||
| 999 |
_c127544 _d127544 |
||